| 000 | 00956cam8a220030100 4500 | ||
|---|---|---|---|
| 001 | lce00319171 | ||
| 008 | 770830s1976 ru b 000 0 eng | ||
| 010 | _a 77364819 | ||
| 015 | _aUSSR*** | ||
| 020 | _c2.29rub | ||
| 035 | _a(Sirsi) r93713 | ||
| 035 | _a(DLC) 77364819 | ||
| 035 | _a(UPRA)lce00319171 | ||
| 040 | _dUPRA | ||
| 041 | 1 |
_aeng rus _heng rus |
|
| 050 | 0 |
_aB809.8 _b.A17 |
|
| 082 | _a146/.3 | ||
| 245 | 0 | 0 |
_aABC of dialectical and historical materialism / _c[translated from the Russian by Lenina Ilitskaya]. |
| 260 |
_aMoscow : _bProgress Publishers, _c1976. |
||
| 500 | _aSpine title: Dialectical and historical materialism. | ||
| 504 | _aIncludes bibliographical references. | ||
| 650 | 0 |
_aDialectical materialism. _6S3123.1 |
|
| 650 | 0 |
_aHistorical materialism. _6S5845.1 |
|
| 740 | 0 | _aDialectical and historical materialism. | |
| 949 |
_aB809.8 _wlcc _mMAIN _tBOOK _lON-SHELF |
||
| 004 | 93713 | ||
| 987 | _aWITHDRAWN. | ||
| 999 |
_c131780 _d131780 |
||